<?xml version="1.0" encoding="UTF-8"?>
<record
    xmlns:xsi="http://www.w3.org/2001/XMLSchema-instance"
    xsi:schemaLocation="http://www.loc.gov/MARC21/slim http://www.loc.gov/standards/marcxml/schema/MARC21slim.xsd"
    xmlns="http://www.loc.gov/MARC21/slim">

  <leader>00954nam a2200277 i 4500</leader>
  <controlfield tag="001">6390</controlfield>
  <controlfield tag="003">ES-MaACL</controlfield>
  <controlfield tag="005">20250809063445.0</controlfield>
  <controlfield tag="007">t|</controlfield>
  <controlfield tag="008">891009s1989    fr           ||||1| fre d</controlfield>
  <datafield tag="020" ind1=" " ind2=" ">
    <subfield code="a">2-010009462-X</subfield>
  </datafield>
  <datafield tag="080" ind1=" " ind2=" ">
    <subfield code="a">9(44)"1770/1880"</subfield>
  </datafield>
  <datafield tag="100" ind1="1" ind2=" ">
    <subfield code="a">Furet, Fran&#xE7;ois,</subfield>
    <subfield code="d">1927-1997</subfield>
    <subfield code="e">aut</subfield>
    <subfield code="9">53035</subfield>
  </datafield>
  <datafield tag="245" ind1="1" ind2="3">
    <subfield code="a">La Revolution :</subfield>
    <subfield code="b">de Turgot a Jules Ferry, 1770-1880 / </subfield>
    <subfield code="c">Francois Furet</subfield>
  </datafield>
  <datafield tag="260" ind1=" " ind2=" ">
    <subfield code="a">Paris : </subfield>
    <subfield code="b">Hachette, </subfield>
    <subfield code="c">1989</subfield>
  </datafield>
  <datafield tag="300" ind1=" " ind2=" ">
    <subfield code="a">525 p&#xE1;ginas : </subfield>
    <subfield code="b">ilustraciones ; </subfield>
    <subfield code="c">30 cm</subfield>
  </datafield>
  <datafield tag="490" ind1="1" ind2=" ">
    <subfield code="a">Histoire de France Hachette</subfield>
    <subfield code="v">4</subfield>
    <subfield code="9">227804</subfield>
  </datafield>
  <datafield tag="651" ind1=" " ind2="4">
    <subfield code="a">Francia-</subfield>
    <subfield code="x">Historia-</subfield>
    <subfield code="y">1715-1792</subfield>
    <subfield code="9">8702</subfield>
  </datafield>
  <datafield tag="651" ind1=" " ind2="4">
    <subfield code="a">Francia-</subfield>
    <subfield code="x">Historia-</subfield>
    <subfield code="y">1789-1799, Revoluci&#xF3;n</subfield>
    <subfield code="9">241176</subfield>
  </datafield>
  <datafield tag="651" ind1=" " ind2="4">
    <subfield code="a">Francia-</subfield>
    <subfield code="x">Historia-</subfield>
    <subfield code="y">1789-1900</subfield>
    <subfield code="9">8693</subfield>
  </datafield>
  <datafield tag="830" ind1=" " ind2="0">
    <subfield code="a">Histoire de France Hachette ;</subfield>
    <subfield code="v">4</subfield>
    <subfield code="9">227804</subfield>
  </datafield>
  <datafield tag="852" ind1="4" ind2=" ">
    <subfield code="a">ES-MaACL</subfield>
    <subfield code="b">R.117171 </subfield>
    <subfield code="c">DEPO2</subfield>
    <subfield code="j">L-13561 </subfield>
    <subfield code="x">Tela</subfield>
  </datafield>
  <datafield tag="942" ind1=" " ind2=" ">
    <subfield code="2">udc</subfield>
    <subfield code="c">MONOGRAFIA</subfield>
    <subfield code="n">0</subfield>
  </datafield>
  <datafield tag="999" ind1=" " ind2=" ">
    <subfield code="c">6390</subfield>
    <subfield code="d">6390</subfield>
  </datafield>
  <datafield tag="952" ind1=" " ind2=" ">
    <subfield code="0">0</subfield>
    <subfield code="1">0</subfield>
    <subfield code="4">0</subfield>
    <subfield code="7">0</subfield>
    <subfield code="a">ATENEOM</subfield>
    <subfield code="b">ATENEOM</subfield>
    <subfield code="c">DEPO2</subfield>
    <subfield code="d">2008-01-17</subfield>
    <subfield code="e">SC</subfield>
    <subfield code="l">0</subfield>
    <subfield code="o">L-13561</subfield>
    <subfield code="p">1006505</subfield>
    <subfield code="r">2023-02-23 00:00:00</subfield>
    <subfield code="w">2023-02-23</subfield>
    <subfield code="y">MONOGRAFIA</subfield>
  </datafield>
</record>
